00353pab a2200133 454500008004000000100003300040245005800073260000900131300001500140650001500155650001400170650001800184773001700202180718b2017 xxu||||| |||| 00| 0 eng d aVinichenko, Mikhail V. et al aIncrease loyalty of the staff of public organizations c2017 ap.263-274. aMotivation aEmployees aOrganizations aMan in India